| 000 | 00335nam a2200109 4500 | ||
|---|---|---|---|
| 999 |
_c9821 _d9821 |
||
| 008 | 180718b ||||| |||| 00| 0 eng d | ||
| 245 | _aWestern digital enhances its datacenter portfolio with WD gold hard drives. | ||
| 260 |
_aPhilippines _bManila Bulletin _cc2016 |
||
| 300 | _apage D4. | ||
| 650 | 0 |
_929069 _aTechnology. |
|
| 942 |
_2ddc _cPER |
||